[Event "Astana Zhuldyzdary op-A"]
[Site "Astana"]
[Date "2023.07.14"]
[Round "5"]
[White "Amangeldy, Ernur"]
[Black "Ulkhanov, Azamat"]
[Result "1-0"]
[WhiteElo "1932"]
[BlackElo "2064"]
[PlyCount "101"]
[EventDate "2023.07.11"]
[EventType "swiss"]
[EventRounds "10"]
[EventCountry "KAZ"]
[SourceTitle "CBM 215 Extra"]
[Source "ChessBase"]
[SourceDate "2023.09.30"]
[SourceVersion "1"]
[SourceVersionDate "2023.09.30"]
[SourceQuality "1"]

1. d4 d6 2. e4 g6 3. Be3 Bg7 4. Nc3 c6 5. f4 d5 6. e5 h5 7. Nf3 Nh6 8. Bd3 Bf5 9. Be2 Nd7 10. 0-0 Bg4 11. Bf2 Bxf3 12. Bxf3 e6 13. Ne2 Nf5 14. Ng3 Nxg3 15. hxg3 Rc8 16. Qe2 Bf8 17. Rad1 Qa5 18. b3 b5 19. f5 exf5 20. c4 bxc4 21. bxc4 Bg7 22. cxd5 cxd5 23. Be1 Qb6 24. Bxd5 0-0 25. Bf2 Rfe8 26. Bb3 Nf6 27. d5 Qa5 28. e6 fxe6 29. dxe6 Re7 30. Rd7 Rc7 31. Qe1 Qb5 32. Rxc7 Rxc7 33. e7+ Kh7 34. Bf7 Qb7 35. e8Q Nxe8 36. Bxe8 Re7 37. Bc6 Qc7 38. Qc1 Be5 39. Qa3 Bd6 40. Qf3 Qa5 41. Bd5 Bc5 42. Bb3 Re1 43. Bxc5 Qxc5+ 44. Kh2 Rxf1 45. Qxf1 Kh6 46. Qg1 Qe7 47. Qd4 Kh7 48. Qd5 Kh6 49. Qf7 Qe3 50. Qf6 Qe2 51. Bf7 1-0

[Event "Agzamov Memorial 06th"]
[Site "Tashkent"]
[Date "2012.03.11"]
[Round "6"]
[White "Ulkhanov, Azamat"]
[Black "Filippov, Anton"]
[Result "0-1"]
[WhiteElo "2226"]
[BlackElo "2637"]
[PlyCount "123"]
[EventDate "2012.03.06"]
[EventType "swiss"]
[EventRounds "9"]
[EventCountry "UZB"]
[SourceTitle "CBM 147 Extra"]
[Source "ChessBase"]
[SourceDate "2012.04.24"]
[SourceVersion "1"]
[SourceVersionDate "2012.04.24"]
[SourceQuality "1"]

1. e4 e5 2. Nf3 Nc6 3. Bb5 a6 4. Ba4 d6 5. 0-0 Nge7 6. c3 Bd7 7. d4 Ng6 8. Re1 Be7 9. Nbd2 h6 10. Nf1 Bg5 11. Bxc6 Bxc6 12. dxe5 Bxc1 13. Rxc1 dxe5 14. Qxd8+ Rxd8 15. g3 0-0 16. N3d2 Bd7 17. Ne3 Be6 18. Red1 f6 19. Nb3 b6 20. Rxd8 Rxd8 21. Rd1 Rc8 22. Nc1 a5 23. f3 Kf7 24. Kf2 Ne7 25. Rd2 g6 26. a3 Nc6 27. Rd1 Nb8 28. Rd2 Nd7 29. Nd3 Ke7 30. Ke1 c6 31. Rd1 Rf8 32. Rd2 b5 33. Rd1 Rb8 34. Rd2 Rc8 35. Rc2 Bb3 36. Rc1 Rd8 37. Ke2 Bc4 38. Nxc4 bxc4 39. Nf2 Nc5 40. Nd1 Rb8 41. Rc2 Nd3 42. Rd2 a4 43. Ke3 Ke6 44. Ke2 f5 45. Ke3 f4+ 46. Ke2 g5 47. Kf1 h5 48. Re2 g4 49. fxg4 hxg4 50. Kg1 Kf6 51. Kf1 Kg5 52. Kg1 Rb7 53. Kf1 Nc5 54. Nf2 Rd7 55. Ke1 Rh7 56. gxf4+ exf4 57. e5 g3 58. hxg3 fxg3 59. Nd1 Nd3+ 60. Kd2 Nf4 61. Re3 Rh2+ 62. Kc1 0-1

[Event "Agzamov Memorial 06th"]
[Site "Tashkent"]
[Date "2012.03.07"]
[Round "2"]
[White "Ulkhanov, Azamat"]
[Black "Golod, Vitali"]
[Result "0-1"]
[WhiteElo "2226"]
[BlackElo "2561"]
[PlyCount "128"]
[EventDate "2012.03.06"]
[EventType "swiss"]
[EventRounds "9"]
[EventCountry "UZB"]
[SourceTitle "CBM 147 Extra"]
[Source "ChessBase"]
[SourceDate "2012.04.24"]
[SourceVersion "1"]
[SourceVersionDate "2012.04.24"]
[SourceQuality "1"]

1. e4 e5 2. Nf3 Nc6 3. d4 exd4 4. Nxd4 Bb4+ 5. c3 Bc5 6. Be3 Bb6 7. g3 Nf6 8. Bg2 0-0 9. 0-0 Re8 10. Nxc6 bxc6 11. Bxb6 axb6 12. Re1 Re7 13. c4 Qe8 14. Nc3 d6 15. f4 Bb7 16. Qd3 Nd7 17. Re3 Nc5 18. Qc2 d5 19. b4 d4 20. Ree1 Na6 21. b5 Nc5 22. bxc6 Bxc6 23. Nd5 Bxd5 24. cxd5 d3 25. Qd2 Nxe4 26. Qxd3 Nc5 27. Qc3 Rxa2 28. d6 cxd6 29. Rxa2 Rxe1+ 30. Kf2 Re4 31. Qd2 Ra4 32. Rb2 Ra3 33. Qe2 Nd3+ 34. Kg1 Ra1+ 35. Bf1 Qxe2 36. Rxe2 g6 37. Rd2 Nc5 38. Rxd6 Ne4 39. Rd8+ Kg7 40. Kg2 Ra2+ 41. Kh3 h5 42. Rd7 Rd2 43. Rb7 Nf2+ 44. Kh4 Ng4 45. Bc4 Kh6 46. h3 Ne3 47. g4 Nxc4 48. Rxf7 hxg4 49. hxg4 g5+ 50. fxg5+ Kg6 51. Rf6+ Kg7 52. Rc6 b5 53. Rc7+ Kg6 54. Rb7 Rd5 55. Rb8 Ne5 56. Rb6+ Kg7 57. Rb7+ Nf7 58. Kg3 Kg6 59. Kf4 Nxg5 60. Rb6+ Kf7 61. Rb7+ Ke8 62. Rb8+ Kd7 63. Rg8 Ne6+ 64. Ke4 Rg5 0-1

[Event "Pavlodar op"]
[Site "Pavlodar"]
[Date "2010.12.06"]
[Round "7"]
[White "Sarsembay, Ablaikhan"]
[Black "Ulkhanov, Azamat"]
[Result "1-0"]
[WhiteElo "2018"]
[BlackElo "2232"]
[PlyCount "112"]
[EventDate "2010.11.30"]
[EventType "swiss"]
[EventRounds "10"]
[EventCountry "KAZ"]
[SourceTitle "EXT 2012"]
[Source "ChessBase"]
[SourceDate "2011.11.24"]
[SourceVersion "1"]
[SourceVersionDate "2011.11.24"]
[SourceQuality "1"]

1. c4 e5 2. g3 g6 3. Bg2 Bg7 4. e3 Nc6 5. Ne2 Nf6 6. d4 0-0 7. 0-0 d6 8. Nbc3 exd4 9. exd4 Bf5 10. Bg5 h6 11. Bd2 Re8 12. Qb3 Rb8 13. Rfe1 Ne4 14. Nxe4 Bxe4 15. Be3 Bxg2 16. Kxg2 Qd7 17. Qd3 h5 18. h4 Ne7 19. Rad1 Nf5 20. Nc3 c6 21. b3 Re7 22. d5 c5 23. Bg5 Rxe1 24. Rxe1 Bxc3 25. Qxc3 Re8 26. Bf6 b5 27. Qd2 b4 28. Ba1 a5 29. Rxe8+ Qxe8 30. Qb2 Kf8 31. Qf6 Qe4+ 32. Kh2 Ke8 33. Qh8+ Kd7 34. Bf6 Qe8 35. Qxe8+ Kxe8 36. Kg2 Nh6 37. Kf3 Ng8 38. Bb2 f6 39. Kf4 Kf7 40. f3 Ne7 41. g4 Nc8 42. Ke4 Nb6 43. gxh5 gxh5 44. Kf5 Nd7 45. Ba1 Ke7 46. Kg6 Nf8+ 47. Kxh5 Kf7 48. Kg4 Ng6 49. h5 Ne7 50. Bb2 Ng8 51. Bc1 Ne7 52. Bf4 Nc8 53. h6 Kg6 54. Bg3 a4 55. h7 Kxh7 56. Kf5 Kg7 1-0

[Event "Maralsay op"]
[Site "Maralsay"]
[Date "2010.08.21"]
[Round "5"]
[White "Kozganbay, Erkin"]
[Black "Ulkhanov, Azamat"]
[Result "1/2-1/2"]
[WhiteElo "2206"]
[BlackElo "2232"]
[PlyCount "63"]
[EventDate "2010.08.17"]
[EventType "swiss"]
[EventRounds "9"]
[EventCountry "KAZ"]
[SourceTitle "EXT 2013"]
[Source "ChessBase"]
[SourceDate "2012.11.22"]
[SourceVersion "1"]
[SourceVersionDate "2012.11.22"]
[SourceQuality "1"]

1. e4 e6 2. d4 d5 3. exd5 exd5 4. Nf3 Bd6 5. Bd3 Nf6 6. Qe2+ Qe7 7. Qxe7+ Bxe7 8. 0-0 0-0 9. h3 Bd6 10. c3 c6 11. a4 a5 12. Na3 Na6 13. Nc2 Nc7 14. Bd2 Bd7 15. Rfe1 Rfe8 16. Kf1 h6 17. Rxe8+ Rxe8 18. Re1 Rxe1+ 19. Kxe1 Nh5 20. Nh4 Bf4 21. Bf5 Bxd2+ 22. Kxd2 Bxf5 23. Nxf5 Ne8 24. g3 Nhf6 25. Nfe3 Nd6 26. Ne1 Nfe4+ 27. Ke2 Kf8 28. Nd3 Ke7 29. Ne5 f6 30. Ng6+ Kf7 31. Nh8+ Ke7 32. Ng6+ 1/2-1/2

[Event "Maralsay op"]
[Site "Maralsay"]
[Date "2010.08.19"]
[Round "3"]
[White "Ismagambetov, Anuar"]
[Black "Ulkhanov, Azamat"]
[Result "1-0"]
[WhiteElo "2492"]
[BlackElo "2232"]
[PlyCount "73"]
[EventDate "2010.08.17"]
[EventType "swiss"]
[EventRounds "9"]
[EventCountry "KAZ"]
[SourceTitle "EXT 2013"]
[Source "ChessBase"]
[SourceDate "2012.11.22"]
[SourceVersion "1"]
[SourceVersionDate "2012.11.22"]
[SourceQuality "1"]

1. d4 Nf6 2. Nf3 g6 3. c4 Bg7 4. g3 0-0 5. Bg2 d6 6. 0-0 Nc6 7. Nc3 a6 8. Qd3 e5 9. d5 Nb4 10. Qd2 a5 11. a3 Na6 12. b4 Bg4 13. Rb1 Qd7 14. Ne1 axb4 15. axb4 Bh3 16. e4 Bxg2 17. Kxg2 Qe8 18. Nd3 Nd7 19. Ba3 b6 20. Ra1 f5 21. Ra2 Qf7 22. f3 Nf6 23. Qe2 c5 24. Rb1 fxe4 25. fxe4 Qd7 26. Bc1 h5 27. Rab2 Rab8 28. h3 Kh7 29. Bg5 Ng8 30. Nb5 Bh6 31. Bxh6 Nxh6 32. Ra2 Ra8 33. Rba1 Nc7 34. Ra7 Rxa7 35. Rxa7 Rc8 36. bxc5 bxc5 37. Qd2 1-0

[Event "Agzamov Memorial 04th"]
[Site "Tashkent"]
[Date "2010.03.23"]
[Round "1"]
[White "Ulkhanov, Azamat"]
[Black "Turov, Maxim"]
[Result "0-1"]
[WhiteElo "2178"]
[BlackElo "2609"]
[PlyCount "106"]
[EventDate "2010.03.23"]
[EventType "swiss"]
[EventRounds "9"]
[EventCountry "UZB"]
[SourceTitle "CBM 135 Extra"]
[Source "ChessBase"]
[SourceDate "2010.05.04"]
[SourceVersion "1"]
[SourceVersionDate "2010.05.04"]
[SourceQuality "1"]

1. e4 c6 2. d4 d5 3. Nc3 dxe4 4. Nxe4 Bf5 5. Ng3 Bg6 6. h4 h6 7. Nf3 Nf6 8. Bd3 Bxd3 9. Qxd3 e6 10. Bf4 Qa5+ 11. Bd2 Qc7 12. 0-0-0 Nbd7 13. Qe2 0-0-0 14. Ne5 Nb6 15. Ba5 Rd5 16. Bxb6 axb6 17. c4 Ra5 18. Kb1 h5 19. Ne4 Nxe4 20. Qxe4 Bd6 21. f4 g6 22. d5 exd5 23. cxd5 Bxe5 24. fxe5 Re8 25. Rhe1 cxd5 26. Rxd5 Kb8 27. Qd4 Rxd5 28. Qxd5 Rd8 29. Qb3 Rd2 30. e6 fxe6 31. Rxe6 Qc5 32. a3 b5 33. g3 Qf5+ 34. Ka2 Rd3 35. Re8+ Ka7 36. Qg8 Rd1 37. Ra8+ Kb6 38. Rd8 Qb1+ 39. Kb3 Rd3+ 40. Rxd3 Qxd3+ 41. Ka2 Qxg3 42. Qd8+ Qc7 43. Qf6+ Qc6 44. Qd8+ Kc5 45. Qf8+ Kd4 46. Qf4+ Kd3 47. Qf2 Ke4 48. Kb1 Ke5 49. Ka1 Ke6 50. Ka2 Qe4 51. Ka1 b4 52. Qb6+ Kf5 53. axb4 Qe1+ 0-1

[Event "Wch U18"]
[Site "Kemer"]
[Date "2009.11.21"]
[Round "10"]
[White "Bebel, Arkadiusz"]
[Black "Ulkhanov, Azamat"]
[Result "0-1"]
[WhiteElo "2275"]
[BlackElo "2068"]
[PlyCount "68"]
[EventDate "2009.11.12"]
[EventType "swiss"]
[EventRounds "11"]
[EventCountry "TUR"]
[SourceTitle "EXT 2010"]
[Source "ChessBase"]
[SourceDate "2010.11.25"]
[SourceVersion "1"]
[SourceVersionDate "2010.11.25"]
[SourceQuality "1"]

1. e4 e6 2. Nf3 d5 3. Nc3 Nf6 4. e5 Nfd7 5. d4 c5 6. dxc5 Nc6 7. Bf4 Bxc5 8. Bd3 f6 9. exf6 Qxf6 10. Bg5 Qf7 11. Qe2 0-0 12. 0-0-0 a6 13. h4 h6 14. Bd2 Nd4 15. Nxd4 Bxd4 16. Rh3 Ne5 17. f4 Nxd3+ 18. Rxd3 Ba7 19. g3 Bd7 20. Be3 Bb8 21. Bd4 b5 22. Re3 Bd6 23. Nb1 Rfc8 24. Rd2 b4 25. Be5 Be7 26. h5 Bb5 27. Qg4 Rc6 28. Bd4 Rac8 29. Qh3 a5 30. a3 Ba4 31. Ree2 bxa3 32. bxa3 Bf6 33. Bxf6 Qxf6 34. Rg2 Qa1 0-1

[Event "Wch U18"]
[Site "Kemer"]
[Date "2009.11.15"]
[Round "4"]
[White "Kocheev, Aleksandr"]
[Black "Ulkhanov, Azamat"]
[Result "0-1"]
[WhiteElo "2247"]
[BlackElo "2068"]
[PlyCount "122"]
[EventDate "2009.11.12"]
[EventType "swiss"]
[EventRounds "11"]
[EventCountry "TUR"]
[SourceTitle "EXT 2010"]
[Source "ChessBase"]
[SourceDate "2010.11.25"]
[SourceVersion "1"]
[SourceVersionDate "2010.11.25"]
[SourceQuality "1"]

1. e4 e5 2. Nf3 Nc6 3. Bb5 a6 4. Ba4 Nf6 5. d3 b5 6. Bb3 d6 7. c3 Be7 8. Nbd2 0-0 9. Nf1 d5 10. Qe2 dxe4 11. dxe4 Be6 12. Bxe6 fxe6 13. a4 Nd7 14. b4 Nb6 15. a5 Na4 16. Rxa4 bxa4 17. Qc4 Qd6 18. Ne3 Bf6 19. 0-0 Na7 20. Qa2 Nb5 21. Bb2 Qc6 22. Qxa4 Qxe4 23. Qb3 Qc6 24. Ng4 e4 25. Nfe5 Bxe5 26. Nxe5 Qe8 27. c4 Nd6 28. Re1 Nf7 29. Ng4 h5 30. Ne3 Nh6 31. Nf1 Qf7 32. Bd4 Ng4 33. Qc2 Qg6 34. Ng3 Rad8 35. Bc5 Rf4 36. Ne2 Rf3 37. Nc3 Rfd3 38. h3 Ne5 39. Kf1 Nf3 40. Re3 Nd2+ 41. Kg1 Nxc4 42. Re2 e3 43. fxe3 Qg3 44. Rf2 Rd2 45. Rxd2 Nxd2 46. Qd1 Qg5 47. Qe2 Nb3 48. Ba7 Qe5 49. Qc2 Nd2 50. Ne2 Qa1+ 51. Nc1 Nb3 52. Qxb3 Qxc1+ 53. Kh2 Qc6 54. Bd4 Rd5 55. Qa2 Qd6+ 56. Kg1 Qxb4 57. Qc2 Qe7 58. Bc3 c5 59. Qe2 Qd6 60. Qb2 Rd1+ 61. Kf2 h4 0-1

[Event "Wch U18"]
[Site "Kemer"]
[Date "2009.11.12"]
[Round "1"]
[White "Ulkhanov, Azamat"]
[Black "Shyam, Nikil P"]
[Result "0-1"]
[WhiteElo "2068"]
[BlackElo "2393"]
[PlyCount "60"]
[EventDate "2009.11.12"]
[EventType "swiss"]
[EventRounds "11"]
[EventCountry "TUR"]
[SourceTitle "EXT 2010"]
[Source "ChessBase"]
[SourceDate "2010.11.25"]
[SourceVersion "1"]
[SourceVersionDate "2010.11.25"]
[SourceQuality "1"]

1. e4 c5 2. Nf3 d6 3. d4 cxd4 4. Nxd4 Nf6 5. Nc3 a6 6. Bg5 e6 7. f4 Qc7 8. Qf3 Nc6 9. 0-0-0 Nxd4 10. Rxd4 Be7 11. g4 b5 12. Bg2 Bb7 13. Rhd1 Rc8 14. Qe2 Qa5 15. e5 dxe5 16. fxe5 Bxg2 17. Qxg2 b4 18. Qb7 0-0 19. Qxe7 bxc3 20. Bxf6 Qxa2 21. Qa3 cxb2+ 22. Qxb2 Rxc2+ 23. Qxc2 Qa1+ 24. Kd2 Qxd4+ 25. Ke1 Qg1+ 26. Kd2 Qxh2+ 27. Kc1 Qxc2+ 28. Kxc2 gxf6 29. exf6 h6 30. g5 hxg5 0-1

[Event "Voronezh op-B 13th"]
[Site "Voronezh"]
[Date "2009.06.20"]
[Round "9"]
[White "Provkin, Vladimir"]
[Black "Ulkhanov, Azamat"]
[Result "1-0"]
[WhiteElo "2254"]
[BlackElo "2051"]
[PlyCount "67"]
[EventDate "2009.06.12"]
[EventType "swiss"]
[EventRounds "9"]
[EventCountry "RUS"]
[SourceTitle "CBM 130 Extra"]
[Source "ChessBase"]
[SourceDate "2009.07.02"]
[SourceVersion "2"]
[SourceVersionDate "2009.07.15"]
[SourceQuality "1"]

1. d4 e6 2. Nf3 d5 3. c4 c6 4. Qc2 Nf6 5. Bg5 Nbd7 6. cxd5 exd5 7. Nc3 Bd6 8. e3 0-0 9. Bd3 h6 10. Bh4 Re8 11. 0-0-0 b5 12. Kb1 Qa5 13. Rhg1 b4 14. Na4 b3 15. axb3 Rb8 16. g4 Ne4 17. Bxe4 Rxe4 18. Nd2 Re6 19. g5 Nb6 20. Nc5 Bxc5 21. dxc5 Nd7 22. gxh6 Rxh6 23. Be7 Ba6 24. Nf3 Nf8 25. Nd4 Ne6 26. Nf5 Rh7 27. Bd6 Rb7 28. Ne7+ Rxe7 29. Bxe7 Qb4 30. Bd6 Rh4 31. f4 Bc8 32. Be5 Qxc5 33. Qxc5 Nxc5 34. Bxg7 1-0

[Event "Voronezh op-B 13th"]
[Site "Voronezh"]
[Date "2009.06.19"]
[Round "8"]
[White "Ulkhanov, Azamat"]
[Black "Manukovsky, Vladimir"]
[Result "0-1"]
[WhiteElo "2051"]
[BlackElo "2227"]
[PlyCount "68"]
[EventDate "2009.06.12"]
[EventType "swiss"]
[EventRounds "9"]
[EventCountry "RUS"]
[SourceTitle "CBM 130 Extra"]
[Source "ChessBase"]
[SourceDate "2009.07.02"]
[SourceVersion "2"]
[SourceVersionDate "2009.07.15"]
[SourceQuality "1"]

1. e4 g6 2. d4 Bg7 3. Nf3 d6 4. Nc3 a6 5. Be2 b5 6. 0-0 Bb7 7. a4 c6 8. e5 Nd7 9. e6 fxe6 10. Ng5 Nf8 11. Bg4 e5 12. Qf3 Nh6 13. dxe5 Bxe5 14. Ne6 Nxe6 15. Bxe6 Rf8 16. Qh3 Nf7 17. Qxh7 Bc8 18. Bxf7+ Rxf7 19. Qg8+ Rf8 20. Qxg6+ Kd7 21. axb5 cxb5 22. Be3 Bb7 23. g3 Rc8 24. Qg4+ e6 25. Rfd1 Bf3 26. Qb4 Rc4 27. Qa3 Rh8 28. Nxb5 axb5 29. Bb6 Qa8 30. Qxa8 Rxa8 31. Rxa8 Bxa8 32. c3 b4 33. f4 bxc3 34. bxc3 Bxc3 0-1

[Event "Maralsay op U20"]
[Site "Maralsay"]
[Date "2008.08.20"]
[Round "4"]
[White "Ulkhanov, Azamat"]
[Black "Aitbayev, Aslan"]
[Result "1/2-1/2"]
[WhiteElo "1977"]
[BlackElo "2282"]
[PlyCount "46"]
[EventDate "2008.08.18"]
[EventType "swiss"]
[EventRounds "9"]
[EventCountry "KAZ"]
[SourceTitle "CBM 126 Extra"]
[Source "ChessBase"]
[SourceDate "2008.11.05"]
[SourceVersion "1"]
[SourceVersionDate "2008.11.05"]
[SourceQuality "1"]

1. e4 e6 2. d4 d5 3. Nd2 Be7 4. c3 c5 5. exd5 Qxd5 6. dxc5 Bxc5 7. Ngf3 Nf6 8. Bc4 Qh5 9. 0-0 0-0 10. Qe2 Nc6 11. Re1 Bd6 12. Nf1 Ng4 13. h3 Nge5 14. Nxe5 Qxe2 15. Bxe2 Bxe5 16. Bf3 Bf6 17. Bf4 Rd8 18. Rad1 Rxd1 19. Rxd1 e5 20. Be3 Be6 21. Ng3 Be7 22. Bxc6 bxc6 23. Ne4 Bxa2 1/2-1/2

[Event "KAZ-ch U18"]
[Site "Pavlodar"]
[Date "2008.03.27"]
[Round "8"]
[White "Aitbayev, Aslan"]
[Black "Ulkhanov, Azamat"]
[Result "1-0"]
[WhiteElo "2242"]
[BlackElo "1977"]
[PlyCount "57"]
[EventDate "2008.03.20"]
[EventType "swiss"]
[EventRounds "9"]
[EventCountry "KAZ"]
[SourceTitle "EXT 2022"]
[Source "ChessBase"]
[SourceDate "2021.10.06"]
[SourceVersion "1"]
[SourceVersionDate "2021.10.06"]
[SourceQuality "1"]

1. e4 e6 2. d4 d5 3. Nd2 dxe4 4. Nxe4 Nf6 5. Nxf6+ gxf6 6. Nf3 Be7 7. Bf4 c5 8. dxc5 Qxd1+ 9. Rxd1 Bxc5 10. Nd2 Bd7 11. Ne4 Be7 12. Nd6+ Bxd6 13. Bxd6 Rg8 14. f3 Nc6 15. Kf2 Rc8 16. Bd3 h5 17. Rhe1 Ne7 18. c4 Ng6 19. b4 e5 20. b5 Nf4 21. Bf1 b6 22. a4 Bf5 23. a5 Bc2 24. Rd2 Bd3 25. axb6 axb6 26. c5 Bxf1 27. Kxf1 Rd8 28. g3 Ne6 29. cxb6 1-0